000 00410nam a2200145Ia 4500
008 151015s9999 xx 000 0 und d
020 _a395473144
050 _aLB1025.3.R93 1992
245 _aRyan,Kevin
250 _a_Those who can teach (6th ed.) Kevin Ryan
300 _aBoston Houghton Miffin 1992
500 _aInclude index
650 _a_Teaching and career
700 _a^d20120827 05:33:25^oanne
999 _c3596
_d3596